000 00692nam a2200193Ia 4500
003 GCL
008 140319s9999 xx 000 0 ara d
040 _aGCL /
_cGCL
082 0 4 _aق
_b9620.42
_bم ص
100 1 _aمصطفى كامل
245 1 0 _aصفحات مطوية من تاريخ الزعيم مصطفى كامل : رسائل جديدة لمصطفى كامل من 8 يونيو 1895 - الى 19 فبراير 1896 /
_cمصطفى كامل
700 1 _aمحمد انيس (تقديم)
300 _aمتعدد
490 _a
650 0 4 _aالرسائل
650 0 4 _aمصطفى كامل
650 0 4 _aمصر - تاريخ - العصر الحديث (1805 - 1956 )
942 _2ddc
_cBK
999 _c39365
_d39365